Every UEFA Conference League Team - Statistics

General Stats
  • This quiz has been taken 10 times
  • The average score is 16 of 57
Answer Stats
Hint Answer % Correct
England West Ham
71%
Italy AS Roma
57%
Norway Bodo/Glimt
57%
England Tottenham Hotspur
57%
Netherlands Feyenoord
43%
Italy Fiorentina
43%
Belgium Gent
43%
France Nice
43%
France Rennes
43%
Spain Villarreal
43%
Belgium Anderlecht
29%
Cyprus Anorthosis
29%
Cyprus Apollon Limassol
29%
Austria Austria Wien
29%
Netherlands AZ Alkmaar
29%
Romania CFR Cluj
29%
Romania FC FCSB
29%
Denmark FC Kobenhavn
29%
Liechtenstein FC Vaduz
29%
Estonia Flora Tallinn
29%
Scotland Hearts
29%
Finland HJK Helsinki
29%
Czechia Jablonec
29%
Kazakhstan Kairat Almaty
29%
Austria LASK
29%
Poland Lech Poznan
29%
Gibraltar Lincoln Red Imps FC
29%
Israel Maccabi Haifa
29%
Israel Maccabi Tel Aviv
29%
Slovenia Mura
29%
Greece PAOK Thessaloniki
29%
Bulgaria PFC CSKA Sofia
29%
Azerbaijan Qarabag FK
29%
Denmark Randers FC
29%
Latvia RFS
29%
Ukraine SC Dnipro-1
29%
Czechia Slavia Prague
29%
Slovakia Slovan Bratislava
29%
Germany Union Berlin
29%
Netherlands Vitesse
29%
Lithuania Zalgiris Vilnius
29%
Ukraine Zorya
29%
Armenia Alashkert FC
14%
Kosovo Ballkani
14%
Switzerland Basel
14%
Sweden Djurgarden
14%
Israel Hapoel Beer Sheva
14%
Turkiye Istanbul Basaksehir
14%
Germany Koln
14%
Norway Molde
14%
Cyprus Omonia Nicosia
14%
Serbia Partizan Belgrade
14%
Armenia Pyunik Yerevan
14%
Ireland Shamrock Rovers
14%
Denmark Silkeborg
14%
Turkiye Sivasspor
14%
Czechia Slovacko
14%
No matching quizzes found
Score Distribution
Percent of People with Each Score
Percentile by Number Answered
Your Score History
You have not taken this quiz